000 00787nam a2200205 4500
001 140647
003 ES-MaACL
005 20230906200125.0
007 t|
008 070214m19131914sp r ||||1| spa d
100 1 _aSeisdedos Sanz, Jerónimo.
_9105272
245 1 0 _aPrincipios fundamentales de la Mística /
_cpor el P. Jerónimo Seisdedos Sanz.
260 _aMadrid :
_bFortanet,
_c1913-14.
300 _a3 v. ;
_c20 x 13 cm.
500 _aContiene: I . La contemplación ordinaria ------ II . La contemplación mística en general ------ III . La clasificación de los grandes místicos.
740 0 _aLa contemplación ordinaria.
740 0 _aLa contemplación mística en general.
740 0 _aLa clasificación de los grandes místicos.
852 _aES-MaACL
_jF-7793-95
999 _c140647
_d140647